Problemas y control de plagas de vertebrados; control de plantas y animales vol.v /

Guardado en:
Autor Principal: National Academy Of Sciences
Formato: Libro
Publicado: México : Limusa, 1978
Materias:
Etiquetas: Agregar Etiqueta
Sin Etiquetas, Sea el primero en etiquetar este registro!
LEADER 00648nam a22001815a 4500
001 CEM.cems016689
005 20151201170143.0
008 130507s1978##################000#0#####d
003 CEMS
082 0 4 |a 632 
100 1 |a National Academy Of Sciences 
245 1 0 |a Problemas y control de plagas de vertebrados; control de plantas y animales vol.v /  |c Ational Academy Of Sciences, 
260 |a México :  |b Limusa,  |c 1978 
300 |a 175 p. 
653 |a Plagas de vertebrados 
653 |a Plagas-control 
859 |a CEMS  |b BIB. CEMS - Agricultura  |h 632  |i N213  |p A0230.00  |t Ej.1  |v 5  |3 Vol. 5 
859 |a CEMS  |b BIB. CEMS - Agricultura  |h 632  |i N213  |p A0231.00  |t Ej.2  |v 5  |3 Vol. 5